[Event "Titled Tuesday intern op 12th Jul Early"]
[Site "Chess.com INT"]
[Date "2022.07.12"]
[Round "7"]
[White "Gvanceladze, Anna"]
[Black "Fernandez Siles, Luis"]
[Result "1-0"]
[WhiteElo "2212"]
[BlackElo "2220"]
[PlyCount "67"]
[EventDate "2022.07.12"]
[EventType "swiss (blitz)"]
[EventRounds "11"]
[EventCountry "USA"]
[SourceTitle "EXT 2023"]
[Source "ChessBase"]
[SourceDate "2022.10.05"]
[SourceVersion "1"]
[SourceVersionDate "2022.10.05"]
[SourceQuality "1"]

1. e4 c5 2. Nf3 Nc6 3. Nc3 g6 4. d4 cxd4 5. Nxd4 Bg7 6. Be3 Nf6 7. Bc4 0-0 8. Bb3 d6 9. f3 Bd7 10. Qd2 Qa5 11. 0-0-0 Rfc8 12. h4 Ne5 13. h5 Nc4 14. Bxc4 Rxc4 15. Nb3 Qe5 16. hxg6 fxg6 17. Bd4 Qe6 18. Nd5 Rac8 19. c3 Nxd5 20. Bxg7 Nf6 21. Bxf6 Qxf6 22. Kb1 Be6 23. Qh6 Qg7 24. Qh4 a5 25. Nd4 Bd7 26. f4 a4 27. a3 b5 28. f5 b4 29. fxg6 Qxg6 30. Qxe7 Bg4 31. Nf3 bxc3 32. Rxd6 c2+ 33. Kc1 Qxe4 34. Qg5+ 1-0

[Event "Titled Tuesday intern op 12th Jul Late"]
[Site "Chess.com INT"]
[Date "2022.07.12"]
[Round "6"]
[White "Gvanceladze, Anna"]
[Black "Jarocka, Liwia"]
[Result "1-0"]
[WhiteElo "2212"]
[BlackElo "2094"]
[PlyCount "195"]
[EventDate "2022.07.12"]
[EventType "swiss (blitz)"]
[EventRounds "11"]
[EventCountry "USA"]
[SourceTitle "EXT 2023"]
[Source "ChessBase"]
[SourceDate "2022.10.05"]
[SourceVersion "1"]
[SourceVersionDate "2022.10.05"]
[SourceQuality "1"]

1. e4 e5 2. Nf3 Nc6 3. Bb5 a6 4. Ba4 Nf6 5. 0-0 Be7 6. Re1 b5 7. Bb3 0-0 8. a4 Bb7 9. Nc3 d6 10. d3 Na5 11. Ba2 b4 12. Nd5 Nxd5 13. Bxd5 c5 14. Be3 Bxd5 15. exd5 Kh8 16. b3 f5 17. h3 Qe8 18. Qe2 Qf7 19. Bg5 Bxg5 20. Nxg5 Qxd5 21. Qh5 Qg8 22. Re3 Rf6 23. f4 Nc6 24. Rae1 Re8 25. Nf3 Rfe6 26. Qxf5 g6 27. Qg4 h5 28. Qg5 Qg7 29. f5 Rf6 30. Nh4 Ne7 31. fxg6 Kg8 32. Rg3 Ref8 33. Kh2 Nf5 34. Rf3 Nxh4 35. Qxh4 Rxf3 36. gxf3 Rxf3 37. Qxh5 Rf2+ 38. Kg3 Rf6 39. Re4 Rxg6+ 40. Rg4 Rxg4+ 41. hxg4 Qf6 42. Qe8+ Kg7 43. Qd7+ Kg6 44. Qe8+ Kg7 45. Qd7+ Kh6 46. Kg2 Kg5 47. Qc8 a5 48. Qg8+ Kh6 49. Qe8 Kg7 50. Qd7+ Kf8 51. Qc8+ Kf7 52. Qd7+ Kg6 53. Qe8+ Qf7 54. Qd8 Qd5+ 55. Kg3 Qe6 56. Qh4 Qf6 57. Qh5+ Kg7 58. Kg2 Qf4 59. Qh4 Qd2+ 60. Kf3 Qxc2 61. Qg5+ Kh7 62. Qe7+ Kg6 63. Qxd6+ Kg7 64. Qxe5+ Kg8 65. Qe6+ Kg7 66. Qc4 Qd1+ 67. Kf4 Qf1+ 68. Ke5 Qf2 69. Kd5 Qe3 70. Kc6 Kg6 71. Kb6 Kg5 72. Kxa5 Kh4 73. Kb5 Kg5 74. a5 Qe8+ 75. Kxc5 Qa8 76. Kxb4 Kh4 77. a6 Qb8+ 78. Ka4 Qb6 79. b4 Qa7 80. b5 Qe3 81. d4 Qe1 82. Qc5 Qa1+ 83. Kb4 Qb2+ 84. Ka5 Qa2+ 85. Kb6 Qe6+ 86. Qc6 Qe8 87. a7 Qd8+ 88. Qc7 Qxd4+ 89. Kb7 Qd5+ 90. Qc6 Qf7+ 91. Ka6 Qa2+ 92. Kb7 Qf7+ 93. Qc7 Qd5+ 94. Kb6 Qd4+ 95. Kc6 Qc4+ 96. Kd7 Qxb5+ 97. Qc6 Qa5 98. a8Q 1-0

[Event "Titled Tuesday intern op 12th Jul Early"]
[Site "Chess.com INT"]
[Date "2022.07.12"]
[Round "1"]
[White "Gvanceladze, Anna"]
[Black "Maghsoodloo, Parham"]
[Result "0-1"]
[WhiteElo "2212"]
[BlackElo "2701"]
[PlyCount "104"]
[EventDate "2022.07.12"]
[EventType "swiss (blitz)"]
[EventRounds "11"]
[EventCountry "USA"]
[SourceTitle "EXT 2023"]
[Source "ChessBase"]
[SourceDate "2022.10.05"]
[SourceVersion "1"]
[SourceVersionDate "2022.10.05"]
[SourceQuality "1"]

1. e4 e5 2. Nf3 Nc6 3. Bb5 a6 4. Ba4 Nf6 5. 0-0 b5 6. Bb3 Bc5 7. c3 d6 8. d4 Bb6 9. h3 0-0 10. Re1 Rb8 11. Bg5 h6 12. Bh4 Re8 13. Qd3 Na5 14. Bc2 c5 15. Nbd2 Bb7 16. d5 c4 17. Qe2 g5 18. Bg3 Nh5 19. Nf1 Bc8 20. Bh2 Qf6 21. Ne3 Nf4 22. Bxf4 exf4 23. Ng4 Bxg4 24. hxg4 Nb7 25. Rad1 Re7 26. Bb1 Rbe8 27. Qc2 Nc5 28. e5 dxe5 29. d6 Re6 30. Qh7+ Kf8 31. d7 Rd8 32. Bf5 e4 33. Bxe6 Qxe6 34. Nd4 Qg6 35. Qh8+ Ke7 36. Nf5+ Qxf5 37. Qxd8+ Kxd8 38. gxf5 e3 39. fxe3 Nd3 40. Re2 Kxd7 41. b3 Kd6 42. bxc4 bxc4 43. Kf1 fxe3 44. Rb1 Bc5 45. Rb7 f6 46. Rh7 Ke5 47. Rxh6 Kxf5 48. Rh8 Ke4 49. Re8+ Ne5 50. Ra8 f5 51. Rxa6 f4 52. a4 g4 0-1

[Event "Titled Tuesday intern op 12th Jul Late"]
[Site "Chess.com INT"]
[Date "2022.07.12"]
[Round "4"]
[White "Gvanceladze, Anna"]
[Black "Tang, Andrew"]
[Result "0-1"]
[WhiteElo "2212"]
[BlackElo "2513"]
[PlyCount "76"]
[EventDate "2022.07.12"]
[EventType "swiss (blitz)"]
[EventRounds "11"]
[EventCountry "USA"]
[SourceTitle "EXT 2023"]
[Source "ChessBase"]
[SourceDate "2022.10.05"]
[SourceVersion "1"]
[SourceVersionDate "2022.10.05"]
[SourceQuality "1"]

1. e4 e5 2. Nf3 Nc6 3. Bb5 g6 4. c3 a6 5. Ba4 Bg7 6. d4 exd4 7. cxd4 b5 8. Bb3 Na5 9. Bc2 Ne7 10. 0-0 0-0 11. Bg5 h6 12. Bh4 d6 13. h3 g5 14. Bg3 f5 15. exf5 Bxf5 16. Nc3 Qd7 17. Re1 Rae8 18. Be4 b4 19. Bxf5 Nxf5 20. Ne4 Qb5 21. Rc1 Rf7 22. Qd2 Rfe7 23. Nexg5 hxg5 24. Rxe7 Rxe7 25. Qxg5 Rf7 26. Rd1 Nc6 27. d5 Nce7 28. b3 Nxd5 29. h4 Nde7 30. Re1 Qd5 31. Bf4 Kf8 32. Qg4 Nh6 33. Qg3 Nef5 34. Qh3 Kg8 35. Ng5 Rf8 36. Rc1 c5 37. h5 Nd4 38. Qg3 Ne2+ 0-1

[Event "Titled Tuesday intern op 12th Jul Early"]
[Site "Chess.com INT"]
[Date "2022.07.12"]
[Round "2"]
[White "Kabanova, Ekaterina"]
[Black "Gvanceladze, Anna"]
[Result "0-1"]
[WhiteElo "2138"]
[BlackElo "2212"]
[PlyCount "92"]
[EventDate "2022.07.12"]
[EventType "swiss (blitz)"]
[EventRounds "11"]
[EventCountry "USA"]
[SourceTitle "EXT 2023"]
[Source "ChessBase"]
[SourceDate "2022.10.05"]
[SourceVersion "1"]
[SourceVersionDate "2022.10.05"]
[SourceQuality "1"]

1. c4 e5 2. e3 Nc6 3. a3 Nf6 4. Qc2 d5 5. cxd5 Nxd5 6. Nf3 a6 7. b4 Bd6 8. Bb2 0-0 9. d3 Bg4 10. Be2 Qd7 11. h3 Bh5 12. Nbd2 Rad8 13. 0-0 Rfe8 14. Rfe1 h6 15. Rac1 Bg6 16. Ne4 Bf8 17. Nc5 Bxc5 18. Qxc5 f6 19. b5 axb5 20. Qxb5 Nb6 21. Qb3+ Kh8 22. d4 e4 23. Nd2 Bf7 24. Qc2 f5 25. Bb5 Bd5 26. Nb3 Qf7 27. Nc5 Na5 28. Bxe8 Qxe8 29. Rb1 Ra8 30. Ra1 Qf7 31. Bc1 Nac4 32. Nxb7 Bxb7 33. a4 Bd5 34. a5 Rxa5 35. Rxa5 Nxa5 36. Bd2 Nac4 37. Bb4 f4 38. exf4 Qxf4 39. Qc3 Qg5 40. g3 Qf5 41. Bc5 Qxh3 42. Bxb6 cxb6 43. Qb4 e3 44. Qf8+ Kh7 45. f3 Qxg3+ 46. Kh1 Bxf3+ 0-1